Statistics for Top Highest Selling Artists

Click here to take the quiz!

General Stats

  • This quiz has been taken 34 times
  • The average score is 9 of 26

Answer Stats

Name of Artist % Correct
The Beatles
91%
The Rolling Stones
85%
Madonna
79%
Michael Jackson
79%
Elvis Presley
67%
Elton John
58%
AC/DC
39%
U2
36%
Pink Floyd
36%
Mariah Carey
36%
Metallica
33%
Celine Dion
30%
Billy Joel
27%
Whitney Houston
27%
Bruce Springsteen
27%
Aerosmith
24%
Garth Brooks
24%
Eagles
15%
Fleetwood Mac
15%
Barbra Streisand
12%
Van Halen
12%
Neil Diamond
9%
Journey
6%
Led Zepplin
3%
Kenny G
3%
George Strait
0%

Score Distribution

Percentile by Number Answered

Percent of People with Each Score

Your Score History

You have not taken this quiz